00518nam a2200157Ia 4500008004100000020001500041041000800056082001600064245004700080250000600127260004400133300001100177650002500188999001900213952012800232210716s2005 xx 000 0 und d a8120324145 aeng a004.69 INTE aInternetworking though wide area networks. a1 aNew DelhibPrentice Hall of Indiac2005 axi,410 aInternet / Mutimedia c189716d189716 001040708MCAaAIMITbAIMITeAthulya Booksg295.00l0o004.69 INTEpMCA09224r2025-07-21 00:00:00v221.25w2021-07-16yBK